| Tag |
First Indicator |
Second Indicator |
Subfields |
| LEADER |
00000cam a2200000Ii 4500 |
| 001 |
in00004065813 |
| 005 |
20191021075409.0 |
| 008 |
190527s2019 enkab b 000 0 ita d |
| 020 |
|
|
|a 9781407316659
|q paperback
|
| 020 |
|
|
|a 1407316656
|q paperback
|
| 035 |
|
|
|a (OCoLC)on1102599627
|
| 040 |
|
|
|a ERASA
|b eng
|e rda
|c ERASA
|d OCLCO
|d YDXIT
|d TXA
|d UtOrBLW
|
| 041 |
0 |
|
|a ita
|b eng
|
| 043 |
|
|
|a e------
|a aw-----
|a ff-----
|a e-it---
|
| 049 |
|
|
|a TXAM
|
| 050 |
|
4 |
|a DG77
|b .E26 2019
|
| 082 |
0 |
4 |
|a 937
|2 23
|
| 245 |
0 |
0 |
|a Economia e territorio :
|b l'Adriatico centrale tra tarda Antichità e alto Medioevo /
|c a cura di Enrico Cirelli, Enrico Giorgi e Giuseppe Lepore.
|
| 264 |
|
1 |
|a Oxford :
|b BAR Publishing,
|c 2019.
|
| 300 |
|
|
|a viii, 606 pages :
|b illustrations (some color), maps (some color) ;
|c 30 cm.
|
| 336 |
|
|
|a text
|b txt
|2 rdacontent
|
| 336 |
|
|
|a still image
|b sti
|2 rdacontent
|
| 336 |
|
|
|a cartographic image
|b cri
|2 rdacontent
|
| 337 |
|
|
|a unmediated
|b n
|2 rdamedia
|
| 338 |
|
|
|a volume
|b nc
|2 rdacarrier
|
| 490 |
1 |
|
|a BAR international series ;
|v 2926
|
| 504 |
|
|
|a Includes bibliographical references.
|
| 520 |
8 |
|
|a This volume is the result of four seminars that represented a unique opportunity to share the results of the most recent archaeological and topographical research conducted in the regions on the two shores of the central Adriatic Sea. The contributors include specialists who have been involved in excavations or who have researched archaeological topics in the coastal territories of Emilia-Romagna, Marche, Abruzzo, Dalmatia and Illyria. Recent research seems to indicate that different phenomena relating to the transformation of material culture and settlement choices were directly influenced by the continuous political changes and the various economic and cultural influences that characterised the areas occupied by 'barbarians' compared to those under Roman-Byzantine control. The papers here collected, through regional summaries and through the presentation of individual study contexts, examine the forms of settlements and aspects of the production and circulation of ceramics and other craft products during this period of crisis.
|
| 651 |
|
0 |
|a Rome
|x Civilization.
|0 http://id.loc.gov/authorities/subjects/sh85115094
|
| 651 |
|
0 |
|a Italy
|x Antiquities.
|0 http://id.loc.gov/authorities/subjects/sh85068876
|
| 650 |
|
0 |
|a Pottery, Italian
|z Italy
|x Antiquities.
|
| 650 |
|
0 |
|a Sculpture, Italian
|z Italy
|x Antiquities.
|
| 650 |
|
0 |
|a Excavations (Archaeology)
|z Italy.
|0 http://id.loc.gov/authorities/subjects/sh85046149
|
| 700 |
1 |
|
|a Cirelli, Enrico,
|e editor.
|0 http://id.loc.gov/authorities/names/no2008181700
|
| 700 |
1 |
|
|a Giorgi, Enrico,
|e editor.
|0 http://id.loc.gov/authorities/names/n2006000799
|
| 700 |
1 |
|
|a Lepore, Giuseppe,
|d 1963-
|e editor.
|0 http://id.loc.gov/authorities/names/nb2011004634
|
| 830 |
|
0 |
|a BAR international series ;
|v 2927.
|0 http://id.loc.gov/authorities/names/n42003773
|
| 948 |
|
|
|a cataloged
|b h
|c 2019/7/2
|d c
|e ceaton
|f 3:05:27 pm
|
| 999 |
f |
f |
|s 70224020-4bdc-3c7d-a524-2d214644d13d
|i b606ded4-2a20-32c5-973b-fe9c1451e2a3
|t 0
|
| 952 |
f |
f |
|p normal
|a Texas A&M University
|b College Station
|c Sterling C. Evans Library
|d Evans: Library Stacks
|t 0
|e DG77 .E26 2019
|h Library of Congress classification
|i unmediated -- volume
|m A14850950024
|
| 998 |
f |
f |
|a DG77 .E26 2019
|t 0
|l Evans: Library Stacks
|